000 00306cam a2200121ua 4500
003 OSt
008 210922b ||||| |||| 00| 0 eng d
082 _a627.02
_bCOR/MA
245 _aManagement of water projects /
260 _aMumbai :
_bOxford & IBH Book Company ,
_c1985.
300 _a254 ; .
942 _cBK
999 _c6251
_d6251